00455nam a2200181 a 4500001001300000003000900013005001700022008004100039020002500080082001300105100001800118245003100136260002500167300000900192500003500201505001800236650001900254nice12345678IN_TiNIC20260116012237.0050524s1980 lona grp 000 0 eng  a0304758 c588.300a956bMIL aMilton, Joyce aReligion at the Crossroads aLondonbCasselc1980 a168p aincludes index and biblioraphy2 aIllus., Index aTurkey-History